Ocean Tile Select - Statistics

General Stats
  • This quiz has been taken 31 times
  • The average score is 63 of 80
Answer Stats
Question Tile Select % Correct
that contains the Atlantic Ocean Yes
100%
that contains the Atlantic Ocean Yes
100%
that contains the Atlantic Ocean Yes
97%
that contains the Atlantic Ocean No
97%
that contains the Atlantic Ocean Yes
97%
that contains the Atlantic Ocean No
93%
that contains the Atlantic Ocean No
93%
that contains the Atlantic Ocean No
93%
that contains the Atlantic Ocean No
93%
that contains the Atlantic Ocean No
86%
that contains the Pacific Ocean No
83%
that contains the Pacific Ocean No
83%
that contains the Pacific Ocean Yes
83%
that contains the Pacific Ocean Yes
83%
that contains the Pacific Ocean No
83%
that contains the Pacific Ocean Yes
83%
that contains the Pacific Ocean Yes
83%
that contains the Pacific Ocean Yes
83%
that contains the Indian Ocean No
83%
that contains the Indian Ocean No
83%
that contains the Indian Ocean No
83%
that contains the Indian Ocean No
83%
that contains the Indian Ocean No
83%
that contains the Indian Ocean No
83%
that contains the Indian Ocean Yes
83%
that contains the Indian Ocean No
83%
that contains the Indian Ocean No
83%
that contains the Indian Ocean Yes
83%
that contains the Indian Ocean No
83%
that contains the Indian Ocean No
83%
that contains the Southern (Antarctic) Ocean No
83%
that contains the Southern (Antarctic) Ocean No
83%
that contains the Southern (Antarctic) Ocean No
83%
that contains the Southern (Antarctic) Ocean No
83%
that contains the Southern (Antarctic) Ocean No
83%
that contains the Southern (Antarctic) Ocean No
83%
that contains the Southern (Antarctic) Ocean No
83%
that contains the Southern (Antarctic) Ocean No
83%
that contains the Arctic Ocean No
83%
that contains the Arctic Ocean No
83%
that contains the Arctic Ocean No
83%
that contains the Arctic Ocean No
83%
that contains the Arctic Ocean No
83%
that contains the Arctic Ocean No
83%
that contains the Arctic Ocean No
83%
that contains the Arctic Ocean No
83%
that contains the Pacific Ocean Yes
79%
that contains the Pacific Ocean Yes
79%
that contains the Pacific Ocean Yes
79%
that contains the Pacific Ocean No
79%
that contains the Southern (Antarctic) Ocean No
79%
that contains the Southern (Antarctic) Ocean No
79%
that contains the Southern (Antarctic) Ocean No
79%
that contains the Southern (Antarctic) Ocean No
79%
that contains the Southern (Antarctic) Ocean Yes
79%
that contains the Southern (Antarctic) Ocean Yes
79%
that contains the Arctic Ocean Yes
79%
that contains the Arctic Ocean No
79%
that contains the Arctic Ocean No
79%
that contains the Arctic Ocean No
79%
that contains the Arctic Ocean No
79%
that contains the Pacific Ocean No
76%
that contains the Arctic Ocean Yes
76%
that contains the Arctic Ocean Yes
76%
that contains the Pacific Ocean No
72%
that contains the Southern (Antarctic) Ocean Yes
72%
that contains the Atlantic Ocean Yes
69%
that contains the Arctic Ocean Yes
69%
that contains the Atlantic Ocean Yes
66%
that contains the Indian Ocean No
66%
that contains the Pacific Ocean Yes
62%
that contains the Pacific Ocean Yes
62%
that contains the Indian Ocean Yes
62%
that contains the Indian Ocean Yes
62%
that contains the Southern (Antarctic) Ocean Yes
62%
that contains the Atlantic Ocean Yes
55%
that contains the Indian Ocean Yes
55%
that contains the Atlantic Ocean Yes
34%
that contains the Atlantic Ocean Yes
28%
that contains the Atlantic Ocean Yes
28%
No matching quizzes found
Score Distribution
Percent of People with Each Score
Percentile by Number Answered
Your Score History
You have not taken this quiz